Continent Letter Country Pairs Per Letter Quiz Stats

 Plays Quiz Updated Feb 13, 2019

Support Sporcle.
Go Orange.
Score 0/34 Timer 06:00
0 Plays Today
Hint Answer % Correct
Europe (F)France
95.6%
South America (B)Brazil
93.5%
South America (C)Chile
93.1%
Europe (F)Finland
92.9%
Asia (J)Japan
92.7%
Africa (Z)Zimbabwe
92.3%
South America (B)Bolivia
91.1%
South America (C)Colombia
90.5%
North America (H)Honduras
89.7%
Africa (R)Rwanda
89.7%
Asia (L)Laos
88.9%
Africa (Z)Zambia
88.8%
North America (H)Haiti
88.1%
Europe (P)Poland
87.9%
Oceania (N)New Zealand
86.6%
Africa (A)Algeria
85.3%
Asia (U)Uzbekistan
85.2%
Hint Answer % Correct
Africa (A)Angola
85%
Europe (P)Portugal
84.2%
North America (G)Guatemala
83.9%
Oceania (N)Nauru
82%
Africa (D)Djibouti
81.7%
Africa (D)Dem. Rep. of the Congo
76.9%
North America (G)Grenada
74.6%
Asia (J)Jordan
74.5%
Oceania (T)Tuvalu
71.7%
Oceania (T)Tonga
69.4%
Asia (L)Lebanon
68.8%
Oceania (M)Marshall Islands
68.3%
Oceania (S)Samoa
68.3%
Oceania (M)Micronesia
66.5%
Oceania (S)Solomon Islands
64.6%
Asia (U)United Arab Emirates
64.6%
Africa (R)Republic of the Congo
61.4%

You're not logged in!

Compare scores with friends on all Sporcle quizzes.
OR
Log In
Forgot?

From the Vault

Hidden Neighbors of Bulgaria

by markassonne

Geography 30s
Come out, come out, wherever you are.
Remove Ads.
Support Sporcle.
Get the best of Sporcle when you Go Orange. This ad-free experience offers more features, more stats, and more fun while also helping to support Sporcle. Thank you for becoming a member.

Show Comments

Extras

Top Quizzes Today


Score Distribution

Your Account Isn't Verified!

In order to create a playlist on Sporcle, you need to verify the email address you used during registration. Go to your Sporcle Settings to finish the process.

Report this User

Report this user for behavior that violates our Community Guidelines.

Details: